| 000 | 01918cam a22004934i 4500 | ||
|---|---|---|---|
| 003 | PE-LiUPU | ||
| 005 | 20250731173551.0 | ||
| 008 | 150616s r 000 0 d | ||
| 020 | _a0801838983 | ||
| 035 | _a(Sirsi) i9780801838989 | ||
| 040 |
_aPE-LiUPU _bspa _cPE-LiUPU _erda |
||
| 049 | _aPRUA | ||
| 082 | 0 | 4 |
_a220.91 _bD92 _221 |
| 100 | 1 |
_aDorsey, David A., _eautor. |
|
| 245 | 1 | 4 |
_aThe Roads and Highways of Ancient Israel / _cDavid A. Dorsey. |
| 264 | 1 |
_aBaltimore, Maryland : _bThe Johns Hopkins University Press, _c1991. |
|
| 300 |
_a300 páginas : _bilustraciones ; _c26 centímetros |
||
| 336 |
_atext _2rdacontent |
||
| 337 |
_aunmediated _2rdamedia |
||
| 338 |
_avolume _2rdacarrier |
||
| 490 | 0 | _aASOR Library of Biblical and Near Eastern Archaeology | |
| 504 | _aBibliografía: páginas 255-272. | ||
| 505 | 0 | _aThe nature of roads in ancient Israel.- Reconstructing ancient Israel's roads network: resources and methodology.- The international coastal highway and its alternates.- Routes leading from the Northern Sharon plain toward the Lebanese Beqa'.- Routes connecting the coastal highway with .. | |
| 526 | _aSEG42 | ||
| 526 | _aSEG41 | ||
| 526 | _aSEG40 | ||
| 526 | _aSEG39 | ||
| 526 | _aP94 | ||
| 526 | _aP87 | ||
| 526 | _aP86 | ||
| 526 | _aP85 | ||
| 526 | _aP77 | ||
| 526 | _aP76 | ||
| 526 | _aP35 | ||
| 630 |
_aBiblia. _pA.T. _xAntigüedades. |
||
| 650 | 0 | 4 | _aCaminos en la Biblia. |
| 910 |
_ajck _bjvq _cjck |
||
| 942 |
_2ddc _cBOOK |
||
| 949 |
_a220.91 D92 _wDEWEY _c1 _i43099 _lCCODEBUL1 _mBUL _r0 _sY _tBOOK _u2015-6-16 _xTEOLOGIA _zUNKNOWN _0COMPRA _o.STAFF. Colección General |
||
| 994 |
_aC0 _bPEPRU |
||
| 596 | _a1 | ||
| 999 |
_a220.91 D92 _wDEWEY _c61074 _i43099 _f2021-11-9 _g5 _lCCODEBUL1 _mBUL _r0 _sY _tBOOK _u2015-6-16 _xTEOLOGIA _zUNKNOWN _0COMPRA _o.STAFF. Colección General _d61074 |
||
| 980 |
_81 _gALBERTO SANCHEZ Responsable de Automatización |
||